000 00951nam a22002297a 4500
005 20240530110413.0
008 150222s2012 ua o f 001 0 ara d
017 _a13662/2011
_bمصر . دار الكتب المصرية
020 _a9771444085
040 _aEG-CaGPL
041 0 _aara
082 _221
_a578.4
_bط/ت ر
100 1 _aتشارلز ، ويلز
_qالامير تشارلز ولى عهد انجلترا
245 1 2 _aالتالف :
_bرؤية لمستقبلنا /
_cتاليف تشارلز ، ويلز ؛ ترجمة ياسمين مطاوع ؛ اشراف داليا محمد ابراهيم
250 _aط1
260 _aالقاهرة :
_bنهضة مصر للطباعة والنشر والتوزيع ،
300 _a31 ص :
_bصور ؛
_c24 سم
700 0 _aياسمين مطاوع
_eمترجم
700 0 _aداليا محمد ابراهيم
_eمشرف
942 _2ddc
_cBK
999 _c60494
_d60494